000 00512nam a2200193 a 4500
001 13642
003 CO-ViMGA
008 141112s2004 ck r 000 u spa d
020 _a8488114001
040 _aCO-ViMGA
_bspa
_cCO-ViMGA
082 0 4 _aMEVIECAR.64 S653c
100 1 _aSoler, Luis
_919901
245 1 0 _aComputacion infantil
260 _aSantafé de Bogotá :
_bPrinter Colombiana,
_c1996
300 _a215
650 1 4 _aCOMPUTACION
_99633
650 1 4 _aCOMPUTACION - educación
_94044
942 _2ddc
_cBK
999 _c24366
_d24366